000 00962cam a2200277 a 4500
001 000019477
005 20200929170030.0
008 780607s1968 sp 001 faspa d
040 _aDO-SdBNP
_bspa
_cDLC
_dBNPHU
082 _a863.6
_bR175m, 1968
100 1 _aRamón y Cajal, Santiago,
_d1852-1934
_919443
245 1 0 _aMi infancia y juventud /
_cSantiago Ramón y Cajal.
250 _a8a ed.
260 _aMadrid :
_bEspasa-Calpe,
_c1968.
300 _a266, [16] p. ;
_c18 cm.
490 1 _aAustral. Anaranjada: biografías y vidas novelescas
_v90
500 _aIncluye índice de autores
600 1 4 _aRAMÓN Y CAJAL, SANTIAGO,
_d1852-1934
_xAUTOBIOGRAFÍA
_941843
650 4 _aMedicos españoles
_xBiografía
_941844
650 4 _aNovela española
_91123
650 4 _aLiteratura española
_9632
830 0 _aAustral.
_pAnaranjada: biografías y vidas novelescas;
_v90
_93058
910 _aCatalogación derivada / LC
910 _aWM
049 _aBNGR
999 _c18993
_d18993